Adithyanum radhayum mattuchilarum (ആദിത്യനും രാധയും മറ്റുചിലരും) (Record no. 104980)

MARC details
000 -LEADER
fixed length control field nam a22 7a 4500
005 - DATE AND TIME OF LATEST TRANSACTION
control field 20200313101447.0
008 - FIXED-LENGTH DATA ELEMENTS--GENERAL INFORMATION
fixed length control field 200310b ||||| |||| 00| 0 eng d
020 ## - INTERNATIONAL STANDARD BOOK NUMBER
International Standard Book Number 9788192828787
080 ## - UNIVERSAL DECIMAL CLASSIFICATION NUMBER
Universal Decimal Classification number 89M.09
Item number ADI
245 ## - TITLE STATEMENT
Title Adithyanum radhayum mattuchilarum (ആദിത്യനും രാധയും മറ്റുചിലരും)
Remainder of title novel patanangal
260 ## - PUBLICATION, DISTRIBUTION, ETC. (IMPRINT)
Place of publication, distribution, etc Calicut
Name of publisher, distributor, etc Hritham
Date of publication, distribution, etc 2017
300 ## - PHYSICAL DESCRIPTION
Extent 114p.
653 ## - INDEX TERM--UNCONTROLLED
Uncontrolled term Malayalam Literature study
700 ## - ADDED ENTRY--PERSONAL NAME
Personal name Prathapan, Thayat ed. by
942 ## - ADDED ENTRY ELEMENTS (KOHA)
item type Books
Holdings
Lost status Source of classification or shelving scheme Not for loan Home library Current library Date acquired Cost, normal purchase price Total Checkouts Full call number Barcode Date last seen Price effective from Koha item type
  Universal Decimal Classification   University Library University Library 10/03/2020 100.00   89M.09 ADI 00089707 10/03/2020 10/03/2020 Books
University Library, CUSAT